| 000 | 01081cam a2200133 4500500 | ||
|---|---|---|---|
| 005 | 20260405085441.0 | ||
| 041 | _afre | ||
| 042 | _adc | ||
| 100 | 1 | 0 |
_aVerjans, Thomas _eauthor |
| 245 | 0 | 0 | _aLa subordination : Méthodes et notions |
| 260 |
_bArmand Colin,
_c2013. |
||
| 520 | _aL’analyse logique compte parmi les exercices privilégiés de la grammaire traditionnelle. L’ambition du présent ouvrage est d’offrir une vue d’ensemble de la subordination en français en se fondant principalement sur les opérations fondamentales de l’analyse linguistique et en explorant également les marges de la notion. Destiné d’abord à des étudiants de premier cycle, cet ouvrage s’adresse plus généralement à tous ceux que les mécanismes de la phrase complexe intéressent. POUR LES ÉTUDIANTS EN LETTRES, LINGUISTIQUE ET STYLISTIQUE 1. Un cours avec des définitions et des exercices corrigés 2. Des outils fondamentaux pour travailler à son rythme | ||
| 856 | 4 | 1 | _uhttps://shs.cairn.info/la-subordination--9782200287337?lang=fr&redirect-ssocas=7080 |
| 999 |
_c2197668 _d2197668 |
||